Una alternativa para desarrollar el hábito y el gusto por la literatura en el quinto grado de educación primaria / (Record no. 2048)

MARC details
000 -CABECERA
campo de control de longitud fija 00855nam a2200217 a 4500
005 - FECHA Y HORA DE LA ÚLTIMA TRANSACCIÓN
campo de control 20251210064030.0
008 - ELEMENTOS DE LONGITUD FIJA--INFORMACIÓN GENERAL
campo de control de longitud fija 991125s1996 mx 000 0 spa u
035 ## - NÚMERO DE CONTROL DEL SISTEMA
Número de control de sistema UPN01000002048
049 ## - COLECCIÓN
Colección TES
099 ## - CLASIFICACIÓN LOCAL
Clasificación local 14431
100 1# - ASIENTO PRINCIPAL--NOMBRE PERSONAL
Nombre de persona Garduño Arellano, María del Carmen
245 14 - MENCIÓN DE TÍTULO
Título Una alternativa para desarrollar el hábito y el gusto por la literatura en el quinto grado de educación primaria /
Mención de responsabilidad, etc. María del Carmen Garduño Arellano.
260 ## - PUBLICACIÓN, DISTRIBUCIÓN, ETC.
Lugar de publicación, distribución, etc. Zitácuaro, Mich. :
Nombre del editor, distribuidor, etc. M. del C. Garduño Arellano,
Fecha de publicación, distribución, etc. 1996.
300 ## - DESCRIPCIÓN FÍSICA
Extensión 75 h.
500 ## - NOTA GENERAL
Nota general "Unidad 16D"
502 ## - NOTA DE TESIS
Nota de tesis Propuesta pedagógica (Lic. en Educación Primaria) -- Universidad Pedagógica Nacional, 1996
650 #4 - ASIENTO SECUNDARIO DE MATERIA - TERMINO TEMATICO
Término de materia o nombre geográfico como elemento de entrada Intereses en la lectura
9 (RLIN) 4851
650 #4 - ASIENTO SECUNDARIO DE MATERIA - TERMINO TEMATICO
Término de materia o nombre geográfico como elemento de entrada Educación primaria
9 (RLIN) 1552
710 2# - ASIENTO SECUNDARIO - NOMBRE CORPORATIVO
Nombre de entidad corporativa o nombre de jurisdicción como elemento de entrada Universidad Pedagógica Nacional (México).
Unidad subordinada Unidad 16D
9 (RLIN) 28443
905 ## - TIPO DE MATERIAL
Tipo de material Tesis
Holdings
Estado de retiro Estado de pérdida Fuente del sistema de clasificación o colocación Estado dañado No para préstamo Código de colección Localización permanente Ubicación/localización actual Ubicación en estantería Fecha de adquisición Clasificación Código de barras Fecha visto por última vez Número de copia Tipo de ítem Koha
    Library of Congress Classification   Disponible (Préstamo en sala) Tesis impresas Bib. Gregorio Torres Quintero Bib. Gregorio Torres Quintero Planta alta Repositorios y acceso abierto 23/02/2023 14431 149719 31/12/2020 1 Libro